00843 2200277 4500001002100000005001500021008000500036020002200041035002400063040001200087082001700099084001900116245011900135260007700254300003500331500005400366650002000420700001700440850001200457990001600469990001600485990001600501990001600517990001600533990001600549YOGYA00000000009956420140823124152 ind a968-602-7544-37-6 0010-101300000000445 aYOPDYOG 2[22]a959.82 aNUS 959.82 Kek aKEKUATAN Jiwa orang jawa :bkebangkitan dari bencana gempa bumi 2006 dan erupsi merapi 2010 /ceditor Widya Nayati aYogyakarta :bPusat Kajian Pengembangan Kebudayaan Indonesia UGM,c2012. avii, 47 hlm.;c21 cm. (3 eks.) aDiterbitkan atasa kerjasama dengan penerbit Ombak aKebudayaan Jawa aWidya Nayati aYOPDYOG a1252/B.2013 a1253/B.2013 a1254/B.2013 a1027/B.2013 a1028/B.2013 a1029/B.2013